00630nam a2200193 i 4500001000700000003000900007005001700016008004100033100003700074245006600111250001200177260004900189300003000238490004900268650002500317710002500342830004900367852002000416106972ES-MaACL20250812032917.0061121s1948 sp a |||| | spa d1 aMoreno Villa, José,d1887-195510aLo mexicano en las artes plásticas / cJosé Moreno Villa. a1ª ed. aMéxico : bEl Colegio de México, c1948. a174 p. : bil. ; c24 cm.1 aEnsayos críticos sobre arte mexicano ; v2 7aArte mexicano2embne2 aColegio de México.0 aEnsayos críticos sobre arte mexicano ; v2 aES-MaACLjA-176